000 00527nam a22001697a 4500
999 _c62252
_d62252
005 20240905111134.0
008 240905c2005 enk||||| |||| 00| 0 eng d
022 _a 0149 9246
041 _aeng
245 _aHastings International and Comparative Law Review :
_b2005 /
_cEditor S. Sandford-Smith.
260 _aCalifornia,
_c2005.
300 _aV.
653 _aსამართალი
653 _aპერიოდიკა
700 _aSandford-Smith, S.
_eრედაქტორი
_923164
942 _2udc
_cCR